Music Quiz

Random Music or Taylor Swift Quiz

Taylor Swift Song by Video Quiz Stats

 Plays Quiz Updated Aug 23, 2019

     
Support Sporcle.
Go Orange.
Score 0/12 Timer 02:00
33 Plays Today
% Correct
Teardrops on My Guitar
92.7%
Love Story
90.3%
You Belong With Me
88.7%
We Are Never Ever Getting Back Together
88.1%
Shake It Off
88%
Bad Blood
87.9%
Me!
84.2%
Look What You Made Me Do
82%
Blank Space
81.6%
…Ready For It?
81.5%
I Knew You Were Trouble
81.1%
You Need to Calm Down
80.2%

From the Vault

Close-Up 'P' Images

by Chenchilla

We hope nothing in this quiz has personal space issues.
Remove Ads.
Support Sporcle.
Get the best of Sporcle when you Go Orange. This ad-free experience offers more features, more stats, and more fun while also helping to support Sporcle. Thank you for becoming a member.

Show Comments

Extras

Top Quizzes Today


Score Distribution

Your Account Isn't Verified!

In order to create a playlist on Sporcle, you need to verify the email address you used during registration. Go to your Sporcle Settings to finish the process.

Report this User

Report this user for behavior that violates our Community Guidelines.

Details: